000 00934nmc a2200313 a 4500
003 AR-BaBNM
005 20251128210732.0
008 081020s2000 ||||||||||||||000 | spa||
020 _a950-07-1857-X
040 _cAR-BaBNM
245 1 0 _aDemocracia, conflicto social y renovación de ideas
_b1916-1930
260 _aBuenos Aires
_bSudamericana
_c2000
300 0 _a473 p.
_bláms.
490 0 _aNueva Historia Argentina
_vv. 6
504 _aCada uno de los trabajos contiene bibliografía para consultar
650 4 _aHISTORIA ARGENTINA
650 4 _aSIGLO VEINTE
650 4 _aHISTORIA POLITICA ARGENTINA
650 4 _aHISTORIA DEL PERIODISMO
650 4 _aSEMANA TRAGICA
650 4 _aPATAGONIA TRAGICA
650 4 _aPRESIDENCIAS ARGENTINAS
651 _aArgentina
653 0 _aRADICALISMO
700 1 _aFalcón, Ricardo
_edirector
800 1 _aSuriano, Juan
_ecoordinador
942 _cBK
998 _cMariana
999 _c16666
_d16666